000
00279nam a22001217a 4500
999
_c
155228
_d
155228
082
_a
_b
100
_a
Biyatrics Alexis
245
_a
Agnisakshi muthal atayalangal vare/
_c
by Biyatrics Alexis.
260
_a
_b
Rachana,
_c
2007.
300
_a
223p.
650
_a
942
_c
BK